El imperio de la interpretacin̤ los fundamentos hermenǔticos de la teora̕ de Dworkin /

Detalles Bibliográficos
Autor principal: Bonorino, Pablo Ral︢
Formato: Desconocido
Lenguaje:español
Publicado: Madrid : Dykinson, 2003
Materias:
Acceso en línea:Acceso restringido

MARC

LEADER 00000ny a22000003n 4500
005 20110623134142.0
008 040304s2003 sp fs 000 0 spa c
017 |a D.L. SE 2143-2003 
020 |a 9788497721608 
035 |a 271 
040 |a SpMaUCDE  |d vlex 
080 |a 340.132.6 
090 |c 1209  |d 1209 
100 1 |a Bonorino, Pablo Ral︢ 
245 1 3 |a El imperio de la interpretacin̤  |h [Recurso electrn̤ico]  |b los fundamentos hermenǔticos de la teora̕ de Dworkin /  |c Pablo Ral︢ Bonorino 
256 |a Servicio en ln̕ea 
260 |a Madrid :  |b Dykinson,  |c 2003 
300 |a v. 
506 1 |a Contenido solo disponible en los productos indicados  |d vLex Global  |d vLex Global (Academic Edition, excluding Law Schools)  |d vLex Global (U.S. Academic Edition, Law Schools)  |d vLex Global (U.S. Academic Edition, excluding Law Schools)  |d vLex Global (Academic Edition, Law Schools) 
650 0 7 |a Derecho  |2 Tesauro vLex 
650 0 7 |a Filosofa̕ del derecho  |2 Tesauro vLex 
650 0 7 |a Interpretacin̤ del derecho  |2 Tesauro vLex 
740 0 |a vLex Libros (Servicios en ln̕ea) 
856 4 0 |u http://vlex.com/source/271  |z Acceso restringido 
942 |c BOOK